| 000 | 004450000a22001690004500 | ||
|---|---|---|---|
| 041 | 0 | _aENG | |
| 082 | 0 | 4 | _aG 287.092 S4677c |
| 100 | 1 | _aSellew, Walter A. | |
| 245 | 1 | 0 | _aClara Leffingwell : A missionary / Walter A. Sellew |
| 260 | _aChicago, ILL., USA : Free Methodist | ||
| 300 | _a320 Pag | ||
| 001 | 8849 | ||
| 942 | _cBK | ||
| 999 |
_c38962 _d38962 |
||
| 336 |
_atexto _btxt _2rdacontent |
||
| 337 |
_2rdamedia _asin mediación _bn |
||
| 338 |
_2rdacarrier _avolumen _bnc |
||